[Event "Cairo Al Ain op"]
[Site "Cairo"]
[Date "2023.11.28"]
[Round "3"]
[White "Shehata, Aly"]
[Black "Ragheb, Malak"]
[Result "1/2-1/2"]
[WhiteElo "1796"]
[BlackElo "2213"]
[PlyCount "95"]
[EventDate "2023.11.27"]
[EventType "swiss"]
[EventRounds "10"]
[EventCountry "EGY"]
[SourceTitle "CB49_2023"]
[SourceDate "2023.12.06"]
[SourceVersion "1"]
[SourceVersionDate "2023.12.06"]
[SourceQuality "1"]

1. e4 e5 2. Nc3 Nc6 3. g3 Nf6 4. Bg2 Bc5 5. Nge2 a6 6. 0-0 d6 7. h3 h5 8. d3 h4 9. g4 Nh7 10. Nd5 Be6 11. Ne3 Bxe3 12. Bxe3 g5 13. c3 Ne7 14. d4 Ng6 15. Qa4+ b5 16. Qc2 0-0 17. Rfd1 Qc8 18. Kh2 Nf4 19. f3 Nf6 20. Nxf4 exf4 21. Bf2 d5 22. e5 Nd7 23. Bf1 c5 24. Bd3 cxd4 25. cxd4 Qxc2 26. Bxc2 Rfc8 27. Rac1 Nb6 28. b3 Ra7 29. Bd3 Rac7 30. Rxc7 Rxc7 31. Be1 Nc8 32. Bb4 Na7 33. Bd6 Rc3 34. Bb4 Rc7 35. Bd6 Rc3 36. Bb4 Rc7 37. Ba5 Rc8 38. Bb6 Nc6 39. Rc1 Kf8 40. a4 Kg7 41. axb5 axb5 42. Bxb5 Bd7 43. Rc2 Rb8 44. Bxc6 Rc8 45. Rc5 Rxc6 46. Rxc6 Bxc6 47. Bd8 Kg6 48. e6 1/2-1/2

[Event "EGY-chT"]
[Site "Egypt"]
[Date "2016.05.08"]
[Round "4.2"]
[White "Ragheb, Malak"]
[Black "Ameir, Moheb"]
[Result "0-1"]
[WhiteElo "2240"]
[BlackElo "2431"]
[PlyCount "58"]
[EventDate "2016.05.05"]
[EventType "team-tourn"]
[EventRounds "9"]
[EventCountry "EGY"]
[SourceTitle "CBM 172 Extra"]
[Source "ChessBase"]
[SourceDate "2016.06.21"]
[SourceVersion "1"]
[SourceVersionDate "2016.06.21"]
[SourceQuality "1"]
[WhiteTeam "El Rwad"]
[BlackTeam "Sharkia Dokhan"]
[WhiteTeamCountry "EGY"]
[BlackTeamCountry "EGY"]

1. d4 Nf6 2. Nf3 g6 3. c4 Bg7 4. Nc3 d5 5. Bf4 0-0 6. Rc1 dxc4 7. e4 c5 8. d5 b5 9. e5 Nh5 10. Be3 Qb6 11. Be2 f5 12. Bg5 Qb7 13. Qd2 e6 14. dxe6 Bxe6 15. Qd6 Re8 16. Qxc5 a6 17. 0-0 h6 18. Bd2 Nd7 19. Qd4 Rad8 20. Qh4 Bf7 21. Be3 f4 22. Bxf4 Nxf4 23. Qxf4 Nxe5 24. Nxe5 Bxe5 25. Qxh6 Bg7 26. Qg5 b4 27. Na4 Qb5 28. Nc5 Rc8 29. Qg4 Qxc5 0-1

[Event "Cairo Egyptian op"]
[Site "Cairo"]
[Date "2016.04.25"]
[Round "5"]
[White "Ragheb, Malak"]
[Black "Ehab, Mohamed"]
[Result "1-0"]
[WhiteElo "2226"]
[BlackElo "1995"]
[PlyCount "81"]
[EventDate "2016.04.22"]
[EventType "swiss"]
[EventRounds "9"]
[EventCountry "EGY"]
[SourceTitle "CBM 172 Extra"]
[Source "ChessBase"]
[SourceDate "2016.06.21"]
[SourceVersion "1"]
[SourceVersionDate "2016.06.21"]
[SourceQuality "1"]

1. d4 Nf6 2. Nf3 g6 3. c4 Bg7 4. Nc3 d5 5. cxd5 Nxd5 6. e4 Nxc3 7. bxc3 c5 8. Be3 cxd4 9. cxd4 0-0 10. Be2 Nc6 11. 0-0 Bg4 12. e5 Rc8 13. Rb1 Qd7 14. h3 Bxf3 15. Bxf3 Rfd8 16. Kh1 b6 17. Rc1 Na5 18. Qe2 b5 19. Rcd1 Nc4 20. Bg5 Rc7 21. Bg4 Qd5 22. f4 Na3 23. Bf3 Qc4 24. Qb2 Nc2 25. d5 h6 26. Bxe7 Rxe7 27. d6 Ree8 28. Bd5 Qc5 29. Qb3 Nd4 30. Bxf7+ Kf8 31. Rxd4 Qxd4 32. Bxg6 Qc4 33. Qb1 Kg8 34. Bc2 Kh8 35. Bb3 Qe2 36. Rd1 Qf2 37. Qg6 Qxf4 38. Bc2 Kg8 39. Qh7+ Kf8 40. Bb3 Rxd6 41. exd6 1-0

[Event "Cairo Egyptian op"]
[Site "Cairo"]
[Date "2011.11.28"]
[Round "9"]
[White "Ragheb, Malak"]
[Black "Hassan, Sayed Barakat"]
[Result "0-1"]
[WhiteElo "2338"]
[BlackElo "2377"]
[PlyCount "24"]
[EventDate "2011.11.19"]
[EventType "swiss"]
[EventRounds "9"]
[EventCountry "EGY"]
[SourceTitle "CBM 145 Extra"]
[Source "ChessBase"]
[SourceDate "2012.01.03"]
[SourceVersion "1"]
[SourceVersionDate "2012.01.03"]
[SourceQuality "1"]

1. d4 Nf6 2. Nf3 d6 3. c4 g6 4. g3 Bg7 5. Bg2 0-0 6. 0-0 c6 7. Nc3 Qa5 8. e4 Bg4 9. Re1 e5 10. d5 cxd5 11. cxd5 b5 12. Qb3 Bd7 0-1

[Event "Cairo op"]
[Site "Cairo"]
[Date "2011.08.02"]
[Round "8"]
[White "Ragheb, Malak"]
[Black "Hassan, Sayed Barakat"]
[Result "1-0"]
[WhiteElo "2356"]
[BlackElo "2386"]
[PlyCount "119"]
[EventDate "2011.07.28"]
[EventType "swiss"]
[EventRounds "9"]
[EventCountry "EGY"]
[SourceTitle "EXT 2012"]
[Source "ChessBase"]
[SourceDate "2011.11.24"]
[SourceVersion "1"]
[SourceVersionDate "2011.11.24"]
[SourceQuality "1"]

1. d4 g6 2. c4 Bg7 3. g3 d5 4. cxd5 Qxd5 5. Nf3 Bg4 6. Nc3 Qd7 7. Bg2 Nc6 8. d5 0-0-0 9. Bd2 Bxf3 10. Bxf3 Ne5 11. Bg2 Nc4 12. Bf4 Bxc3+ 13. bxc3 Nf6 14. Qd4 Nb6 15. e4 Qa4 16. 0-0 Qxd4 17. cxd4 Nh5 18. Bh6 f5 19. f3 Rhe8 20. g4 Nf6 21. Rac1 Kb8 22. Bf4 Na8 23. h3 h5 24. g5 Nd7 25. Rfe1 Ndb6 26. Bf1 fxe4 27. fxe4 a6 28. Be5 e6 29. dxe6 Rxe6 30. Bf6 Rde8 31. Bd3 Nd5 32. Bc4 Nab6 33. Bxd5 Nxd5 34. Be5 Nb4 35. Bxc7+ Ka7 36. Rc4 Nd5 37. Be5 Ne7 38. Bf4 Nd5 39. Be5 Ne7 40. Bg3 Nf5 41. d5 Nxg3 42. dxe6 Rxe6 43. h4 Nf5 44. exf5 Rxe1+ 45. Kf2 Re8 46. fxg6 Rg8 47. Kf3 Rxg6 48. Kf4 b5 49. Rc1 Rd6 50. Rg1 Rd8 51. g6 b4 52. Rg5 Kb6 53. Rxh5 a5 54. g7 Rg8 55. Rg5 a4 56. h5 b3 57. axb3 axb3 58. h6 b2 59. Rg1 Kc5 60. Rb1 1-0

[Event "Cairo op"]
[Site "Cairo"]
[Date "2011.08.01"]
[Round "7"]
[White "Hesham, Abdelrahman"]
[Black "Ragheb, Malak"]
[Result "1-0"]
[WhiteElo "2309"]
[BlackElo "2356"]
[PlyCount "92"]
[EventDate "2011.07.28"]
[EventType "swiss"]
[EventRounds "9"]
[EventCountry "EGY"]
[SourceTitle "EXT 2012"]
[Source "ChessBase"]
[SourceDate "2011.11.24"]
[SourceVersion "1"]
[SourceVersionDate "2011.11.24"]
[SourceQuality "1"]

1. d4 Nf6 2. c4 e6 3. Nf3 b6 4. a3 Ba6 5. Qc2 d5 6. cxd5 exd5 7. Bg5 Be7 8. Nc3 0-0 9. g3 h6 10. Bf4 Nbd7 11. Bg2 c5 12. 0-0 Bb7 13. Rfd1 c4 14. Ne5 Re8 15. Nxc4 Rc8 16. Ne5 Nf8 17. Qa4 a6 18. Rac1 Ne6 19. Qb3 Bd6 20. Be3 Bb8 21. f4 Ba7 22. a4 Ba8 23. f5 Nc5 24. Qa2 Re7 25. b4 Nce4 26. Nxe4 dxe4 27. Rxc8 Qxc8 28. Rc1 Qxf5 29. Qc4 Bb7 30. b5 Nd5 31. g4 Qe6 32. Bxe4 Nxe3 33. Qxe6 fxe6 34. Bxb7 Rxb7 35. bxa6 Re7 36. Rc8+ Kh7 37. h4 b5 38. axb5 Bb6 39. h5 g5 40. hxg6+ Kg7 41. Rb8 Nd5 42. Nc6 Rc7 43. e4 Rxc6 44. bxc6 Bxd4+ 45. Kh1 Ne7 46. Rb7 Kf6 1-0

[Event "EGY-ch final"]
[Site "Cairo"]
[Date "2007.12.06"]
[Round "6"]
[White "Ragheb, Malak"]
[Black "Eldesoky, Hatem"]
[Result "0-1"]
[WhiteElo "2252"]
[BlackElo "2213"]
[PlyCount "92"]
[EventDate "2007.12.01"]
[EventType "swiss"]
[EventRounds "9"]
[EventCountry "EGY"]
[SourceTitle "EXT 2019"]
[Source "ChessBase"]
[SourceDate "2018.10.10"]
[SourceVersion "1"]
[SourceVersionDate "2018.10.10"]
[SourceQuality "1"]

1. d4 d5 2. c4 e6 3. Nc3 Nf6 4. Bg5 Be7 5. e3 0-0 6. Qc2 Nbd7 7. cxd5 exd5 8. Bd3 c6 9. Nge2 Re8 10. Bxf6 Nxf6 11. h3 Bb4 12. 0-0 g6 13. a3 Bd6 14. Rfe1 Be6 15. f3 Nh5 16. e4 Qg5 17. g4 Nf4 18. Nxf4 Qxf4 19. Qf2 h5 20. e5 Be7 21. Ne2 Qh6 22. Kg2 Kg7 23. Rh1 hxg4 24. hxg4 Qd2 25. Rad1 Qxb2 26. Qg3 Rh8 27. f4 Rxh1 28. Rxh1 Rg8 29. Qh3 Kf8 30. Rb1 Qxa3 31. Rxb7 Bxg4 32. Qh6+ Ke8 33. Qh7 Rf8 34. Rb8+ Kd7 35. e6+ Bxe6 36. Rb7+ Kc8 37. Rxe7 Qxe7 38. Bxg6 Qf6 39. Bd3 Kd8 40. Ba6 Qg6+ 41. Qxg6 fxg6 42. Kg3 Bc8 43. Bd3 Bf5 44. Ba6 Kc7 45. Nc3 Rb8 46. Na4 Rb4 0-1

[Event "EGY-ch final"]
[Site "Cairo"]
[Date "2007.12.03"]
[Round "3"]
[White "Farahat, Ali"]
[Black "Ragheb, Malak"]
[Result "1-0"]
[WhiteElo "2374"]
[BlackElo "2252"]
[PlyCount "89"]
[EventDate "2007.12.01"]
[EventType "swiss"]
[EventRounds "9"]
[EventCountry "EGY"]
[SourceTitle "EXT 2019"]
[Source "ChessBase"]
[SourceDate "2018.10.10"]
[SourceVersion "1"]
[SourceVersionDate "2018.10.10"]
[SourceQuality "1"]

1. d4 Nf6 2. Nf3 e6 3. e3 c5 4. Nbd2 d5 5. c3 Nc6 6. Bd3 Be7 7. 0-0 0-0 8. Ne5 Nd7 9. f4 f5 10. Ndf3 Nf6 11. c4 cxd4 12. exd4 Nb4 13. Be2 dxc4 14. Bxc4 Nbd5 15. Re1 Bb4 16. Re2 a6 17. Qb3 b5 18. Bd3 Qd6 19. Bc2 a5 20. Bd3 a4 21. Qc2 a3 22. g3 axb2 23. Bxb2 Bb7 24. Bxb5 Rfc8 25. Qb3 Nc3 26. Bc4 Rxc4 27. Re3 Rcc8 28. Bxc3 Rxc3 29. Rxc3 Bxc3 30. Qxb7 Rb8 31. Qf7+ Kh8 32. Rd1 Ne4 33. Qa7 Kg8 34. Qf7+ Kh8 35. Qd7 Qa6 36. Nf7+ Kg8 37. Nd8 h6 38. Nxe6 Qb7 39. Qxb7 Rxb7 40. d5 Ra7 41. Ne5 Rxa2 42. d6 Ba5 43. Rb1 g5 44. Rb8+ Kh7 45. Rb7+ 1-0

[Event "Golden Cleopatra op 7th"]
[Site "Cairo"]
[Date "2003.06.04"]
[Round "4"]
[White "El Arousy, Abdul Hameed"]
[Black "Ragheb, Malak"]
[Result "1-0"]
[WhiteElo "2314"]
[BlackElo "2148"]
[PlyCount "133"]
[EventDate "2003.06.03"]
[EventType "swiss"]
[EventRounds "10"]
[EventCountry "EGY"]
[SourceTitle "CBM 094 Extra"]
[Source "ChessBase"]
[SourceDate "2003.07.09"]
[SourceVersion "2"]
[SourceVersionDate "2003.07.09"]
[SourceQuality "1"]

1. e4 c5 2. Nf3 d6 3. d4 cxd4 4. Qxd4 Nc6 5. Bb5 Bd7 6. Bxc6 bxc6 7. c4 c5 8. Qd3 Bc6 9. 0-0 e6 10. Nc3 a6 11. Bf4 e5 12. Be3 Nf6 13. Bg5 Be7 14. Rad1 Qb6 15. Bxf6 Bxf6 16. Qxd6 Rd8 17. Nd5 Rxd6 18. Nxb6 Rxd1 19. Rxd1 Bxe4 20. Nd7 Be7 21. Nfxe5 Bf5 22. Nb8 0-0 23. b3 Rc8 24. Nbc6 Bf8 25. Na5 Rc7 26. g4 Be6 27. f3 g6 28. Rd8 Kg7 29. h3 Be7 30. Rd1 f6 31. Nd3 Bd6 32. Nb4 Bf4 33. Nd5 Rd7 34. Kf2 Kf7 35. Ke2 Bg3 36. Rd3 h5 37. a3 Bd6 38. Nc6 hxg4 39. hxg4 Bf8 40. Nf4 Rxd3 41. Kxd3 Bd7 42. Nd8+ Ke8 43. Nxg6 Bh6 44. Nb7 Bc6 45. Nd6+ Kd7 46. Ne4 Ke6 47. f4 Kf7 48. f5 Bc1 49. a4 a5 50. Nh4 Kg7 51. Nxc5 Bg5 52. Ng6 Bf3 53. Ne6+ Kh6 54. Nxg5 Kxg5 55. Ne7 Bxg4 56. c5 Bxf5+ 57. Kd4 Be6 58. c6 Bxb3 59. c7 Be6 60. c8Q Bxc8 61. Nxc8 Kf4 62. Nd6 f5 63. Nc4 Kg3 64. Nxa5 f4 65. Nc4 f3 66. Nd2 f2 67. a5 1-0